[Event "mature chess players"]
[Site "SchemingMind.com"]
[Date "2006.11.14"]
[Round "-"]
[White "Gambiteer"]
[Black "ekulrac"]
[Result "1-0"]
[WhiteCountry "ENG"]
[BlackCountry "SCO"]
[WhiteElo "2125"]
[WhiteRD "65"]
[BlackElo "1693"]
[BlackRD "73"]
[GameID "76686"]

1. c4 Nf6 2. Nc3 g6 3. g3 Bg7 4. Bg2 O-O 5. Nf3 d6 6. O-O e5 7. d3 h6 8. b4 Be6 9. a4 c6 10. b5 e4
11. Nd4 d5 12. dxe4 dxe4 13. Nxe6 fxe6 14. Ba3 Re8 15. Qc2 cxb5 16. Rad1 Qc7 17. Nxb5 Qe5 18. Bd6 Qh5 19. Nc7 Nbd7 20. Nxa8 Rxa8
21. Bxe4 Ng4 22. h4 Nde5 23. Qb3 g5 24. Qxb7 Re8 25. f3
1-0

[Event "mature chess players"]
[Site "SchemingMind.com"]
[Date "2006.11.14"]
[Round "-"]
[White "ekulrac"]
[Black "Gambiteer"]
[Result "0-1"]
[WhiteCountry "SCO"]
[BlackCountry "ENG"]
[WhiteElo "1702"]
[WhiteRD "59"]
[BlackElo "2116"]
[BlackRD "67"]
[GameID "76687"]

1. e4 d6 2. Nf3 Nf6 3. Nc3 g6 4. Bc4 Bg7 5. d3 O-O 6. O-O Nc6 7. a3 Bg4 8. Be3 Ne5 9. Ba2 Bh5 10. d4 Nxf3+
11. gxf3 e6 12. Bf4 Nd7 13. Qd3 Qf6 14. Bg3 Qxd4 15. Kg2 Qxd3 16. cxd3 Ne5 17. Bxe5 dxe5 18. Ne2 g5 19. h3 Rfd8 20. Ng3 Bg6
21. Rac1 c6 22. Rfd1 h5 23. Rc3 Kf8 24. Ne2 h4 25. b4 a5 26. bxa5 Rxa5 27. Rb1 Rd7 28. Rb6 Bf6 29. Rcb3 Ra7 30. Nc1 Bd8
31. R6b4 b5 32. Rb1 Be7 33. R4b3 Rxa3 34. Rxa3 Bxa3 35. Kf1 c5 36. Ke2 Ke7 37. Kd2 Bb4+ 38. Ke3 f5 39. Bb3 Bc3 40. Ne2 f4+
0-1

[Event "mature chess players"]
[Site "SchemingMind.com"]
[Date "2006.11.28"]
[Round "-"]
[White "Miael_"]
[Black "Gambiteer"]
[Result "0-1"]
[WhiteCountry "ARG"]
[BlackCountry "ENG"]
[WhiteElo "1647"]
[WhiteRD "71"]
[BlackElo "2116"]
[BlackRD "67"]
[GameID "78692"]

1. e4 d6 2. d4 Nf6 3. Nc3 g6 4. Nf3 Bg7 5. Be2 O-O 6. Bg5 Nbd7 7. O-O c5 8. d5 a6 9. a4 h6 10. Bh4 g5
11. Bg3 Nh5 12. Qd2 Nxg3 13. fxg3 Qa5 14. Ra3 Rb8 15. h3 Qb4 16. h4 g4
0-1

[Event "mature chess players"]
[Site "SchemingMind.com"]
[Date "2006.11.28"]
[Round "-"]
[White "Miael_"]
[Black "ekulrac"]
[Result "0-1"]
[WhiteCountry "ARG"]
[BlackCountry "SCO"]
[WhiteElo "1647"]
[WhiteRD "71"]
[BlackElo "1702"]
[BlackRD "59"]
[GameID "78693"]

1. e4 Nc6 2. d4 e5 3. d5 Nce7 4. Nf3 Ng6 5. Nc3 Bb4 6. Bd2 Bxc3 7. Bxc3 d6 8. Be2 Nf6 9. Bb5+ Bd7 10. Bxd7+ Qxd7
11. Qe2 O-O 12. O-O-O a5 13. h3 b5 14. b3 b4 15. Bb2 a4 16. Rhe1 axb3 17. axb3 Nf4 18. Qf1 Ra2 19. g3 Ng6 20. c3 bxc3
0-1

[Event "mature chess players"]
[Site "SchemingMind.com"]
[Date "2006.11.28"]
[Round "-"]
[White "Gambiteer"]
[Black "Miael_"]
[Result "1-0"]
[WhiteCountry "ENG"]
[BlackCountry "ARG"]
[WhiteElo "2116"]
[WhiteRD "67"]
[BlackElo "1647"]
[BlackRD "71"]
[GameID "78694"]

1. d4 d5 2. c4 e6 3. Nc3 Nf6 4. Bg5 Be7 5. e3 h6 6. Bxf6 Bxf6 7. Nf3 O-O 8. cxd5 exd5 9. Bd3 Nc6 10. Qb3 Ne7
11. O-O c6 12. Rac1 Re8 13. Rfe1 Qc7 14. e4 dxe4 15. Nxe4 Bg4 16. Nxf6+ gxf6 17. Bc4
1-0

[Event "mature chess players"]
[Site "SchemingMind.com"]
[Date "2006.11.28"]
[Round "-"]
[White "ekulrac"]
[Black "Miael_"]
[Result "1-0"]
[WhiteCountry "SCO"]
[BlackCountry "ARG"]
[WhiteElo "1702"]
[WhiteRD "59"]
[BlackElo "1647"]
[BlackRD "71"]
[GameID "78695"]

1. e4 e5 2. Nf3 Nc6 3. Bb5 a6 4. Bxc6 dxc6 5. O-O f6 6. d3 Bg4 7. Be3 Bd6 8. Nbd2 Ne7 9. c4 c5 10. a4 Nc6
11. h3 Bh5 12. Nb1 Nd4 13. Bxd4 cxd4 14. Nbd2 O-O 15. a5 Bb4 16. c5 Bxc5 17. Qb3+ Bf7 18. Qa4 b5 19. Qc2 Qd6 20. Nh4 Bb4
21. Nf5 Qd7 22. f4
1-0

[Event "mature chess players"]
[Site "SchemingMind.com"]
[Date "2006.11.27"]
[Round "-"]
[White "rabbit"]
[Black "Gambiteer"]
[Result "0-1"]
[WhiteCountry "USA"]
[BlackCountry "ENG"]
[WhiteElo "1943"]
[WhiteRD "74"]
[BlackElo "2139"]
[BlackRD "62"]
[GameID "78853"]

1. e4 e5 2. Nf3 Nc6 3. d4 exd4 4. Bc4 Bc5 5. c3 Nf6 6. cxd4 Bb4+ 7. Bd2 Nxe4 8. Bxb4 Nxb4 9. Bxf7+ Kxf7 10. Qb3+ d5
11. Ne5+ Ke6 12. Qxb4 Qf8 13. Qxf8 Rxf8 14. O-O c5 15. Nf3 cxd4 16. Nxd4+ Ke5 17. Nf3+ Kd6 18. Nd4 Bf5 19. f3 Ng5 20. Nc3 Ne6
21. Ncb5+ Kd7 22. Nxe6 Bxe6 23. Rac1 a6 24. Nd4 Rae8 25. Rc3 Kd6 26. Rb3 Bc8 27. Rd1 b5 28. h3 Re5 29. Rc3 Bb7 30. Rdc1 Rf4
31. Rd3 g5 32. g3 Rf7 33. Rdc3 h5 34. Kh2 h4 35. gxh4 Rf4 36. Rd3 Rxh4 37. b4 Rf4 38. Rd2 Re8 39. Rg1 Rg8 40. Rg4 Ke5
41. Rd1 Bc8 42. Rgg1 Rh4 43. Rge1+ Kd6 44. Kg1 Rxh3 45. Rc1 Bd7
0-1

[Event "mature chess players"]
[Site "SchemingMind.com"]
[Date "2006.11.28"]
[Round "-"]
[White "rabbit"]
[Black "Miael_"]
[Result "1-0"]
[WhiteCountry "USA"]
[BlackCountry "ARG"]
[WhiteElo "2071"]
[WhiteRD "89"]
[BlackElo "1647"]
[BlackRD "71"]
[GameID "78854"]

1. e4 c5 2. Nf3 Nc6 3. c3 d6 4. d4 cxd4 5. cxd4 Bg4 6. d5 Bxf3 7. gxf3 Ne5 8. Bb5+ Nd7 9. Be3 a6 10. Be2 g6
11. Qb3 Qc7 12. O-O Bg7 13. Na3 Ngf6 14. Rac1 Qd8 15. Qxb7 a5 16. Nc4 O-O 17. b3 Rb8 18. Qa6 Ra8 19. Qb5
1-0

[Event "mature chess players"]
[Site "SchemingMind.com"]
[Date "2006.11.27"]
[Round "-"]
[White "rabbit"]
[Black "ekulrac"]
[Result "1-0"]
[WhiteCountry "USA"]
[BlackCountry "SCO"]
[WhiteElo "2071"]
[WhiteRD "89"]
[BlackElo "1702"]
[BlackRD "59"]
[GameID "78855"]

1. e4 Nc6 2. Nf3 e5 3. Bb5 a6 4. Ba4 Nf6 5. d4 exd4 6. O-O b5 7. Bb3 Be7 8. e5 Ng4 9. Re1 h5 10. h3 Nh6
11. c3 d5 12. exd6 Qxd6 13. Nxd4 Nxd4 14. Qxd4 Nf5 15. Qe4 Bd7 16. Qxa8+
1-0

[Event "mature chess players"]
[Site "SchemingMind.com"]
[Date "2006.11.27"]
[Round "-"]
[White "Gambiteer"]
[Black "rabbit"]
[Result "1/2-1/2"]
[WhiteCountry "ENG"]
[BlackCountry "USA"]
[WhiteElo "2139"]
[WhiteRD "62"]
[BlackElo "1943"]
[BlackRD "74"]
[GameID "78856"]

1. c4 c6 2. Nc3 d5 3. cxd5 cxd5 4. d4 Nf6 5. Nf3 Nc6 6. Bf4 Bf5 7. e3 e6 8. Qb3 Bb4 9. Rc1 a5 10. Bb5 O-O
11. O-O Rc8 12. a3 Bd6 13. Bxc6 bxc6 14. Bxd6 Qxd6 15. Ne5 Rb8 16. Qa4 Rxb2 17. Qxa5 Rfb8 18. Na4 Ra2 19. Qc5 Qxc5 20. Nxc5 Rxa3
21. Nxc6 Rb2 22. Ra1 Raa2 23. Ne7+ Kf8 24. Rxa2 Rxa2 25. Nxf5 exf5 26. Rd1 Ke7 27. f3 Re2 28. Ra1 Rxe3 29. Ra7+ Ke8 30. Ra8+ Ke7
31. Ra7+ Kf8 32. Nd7+ Nxd7 33. Rxd7 Rd3 34. Rxd5 Ke7 35. Kf2 Ke6 36. Rd8 Rd2+ 37. Kg1 g5 38. Rh8 Rxd4 39. Rxh7 f6 40. h4 gxh4
41. Kh2=
1/2-1/2

[Event "mature chess players"]
[Site "SchemingMind.com"]
[Date "2006.11.28"]
[Round "-"]
[White "Miael_"]
[Black "rabbit"]
[Result "0-1"]
[WhiteCountry "ARG"]
[BlackCountry "USA"]
[WhiteElo "1647"]
[WhiteRD "71"]
[BlackElo "2071"]
[BlackRD "89"]
[GameID "78857"]

1. e4 c6 2. d4 d5 3. exd5 cxd5 4. Nc3 Nc6 5. Nf3 Nf6 6. Bb5 e6 7. O-O Bd6 8. Bg5 O-O 9. Re1 h6 10. Bh4 a6
11. Bxc6 bxc6 12. a3 Rb8 13. Rb1 a5 14. Ne5 Qc7 15. Bxf6 gxf6 16. Ng4 f5 17. Nf6+ Kg7 18. Nh5+ Kh7 19. Nf6+ Kg6
0-1

[Event "mature chess players"]
[Site "SchemingMind.com"]
[Date "2006.11.27"]
[Round "-"]
[White "ekulrac"]
[Black "rabbit"]
[Result "0-1"]
[WhiteCountry "SCO"]
[BlackCountry "USA"]
[WhiteElo "1702"]
[WhiteRD "59"]
[BlackElo "2071"]
[BlackRD "89"]
[GameID "78858"]

1. e4 c6 2. d4 d5 3. e5 Bf5 4. Bd3 Bxd3 5. Qxd3 e6 6. Nf3 Qa5+ 7. Nc3 Bb4 8. Bd2 Ne7 9. O-O O-O 10. Rfe1 Nd7
11. Ng5 Nf5 12. g4 Bxc3 13. bxc3 h6 14. gxf5 hxg5 15. f6 gxf6 16. exf6 Nxf6 17. Bxg5 Ne4 18. Re3 f6 19. Bh6 Rf7 20. f3 Rh7
21. fxe4 Rxh6 22. exd5 Qxd5 23. Rg3+ Kf7 24. Rf1 Qxa2 25. Qf3 Qxc2 26. Rf2 Qb1+ 27. Kg2 Rg8 28. Rxg8 Kxg8 29. c4 Rg6+ 30. Kh3 Rg5
31. Qxf6 Qh7+
0-1

[Event "mature chess players"]
[Site "SchemingMind.com"]
[Date "2006.12.02"]
[Round "-"]
[White "Aumonde"]
[Black "rabbit"]
[Result "1-0"]
[WhiteCountry "USA"]
[BlackCountry "USA"]
[WhiteElo "2244"]
[WhiteRD "56"]
[BlackElo "1943"]
[BlackRD "74"]
[GameID "79786"]

1. e4 e5 2. Nf3 Nc6 3. Bb5 a6 4. Bxc6 dxc6 5. Nc3 f6 6. d4 exd4 7. Qxd4 Qxd4 8. Nxd4 Bd7 9. Be3 O-O-O 10. O-O Bb4
11. Nde2 Ne7 12. Rfd1 Bd6 13. Na4 Be6 14. Bf4 Bxf4 15. Nxf4 Rxd1+ 16. Rxd1 Bxa2 17. b3 g5 18. Ne6 Ng6 19. Nc3 Re8 20. Ng7 Re5
21. Kf1 g4 22. Nf5 Rc5 23. Nxa2 Rxc2 24. Nc1 Rb2 25. Nh6 Ne5 26. Ng8 Nd7 27. Ne7+ Kd8 28. Nd3 Rc2 29. Nf5 Kc8 30. Nf4 Ne5
31. Ne7+ Kb8 32. Nd3 Rc3 33. Nc1 h5 34. Ng8 h4 35. Nxf6 h3 36. gxh3 gxh3 37. Ke2
1-0

[Event "mature chess players"]
[Site "SchemingMind.com"]
[Date "2006.12.02"]
[Round "-"]
[White "Aumonde"]
[Black "Gambiteer"]
[Result "0-1"]
[WhiteCountry "USA"]
[BlackCountry "ENG"]
[WhiteElo "2254"]
[WhiteRD "57"]
[BlackElo "2148"]
[BlackRD "65"]
[GameID "79787"]

1. e4 d5 2. exd5 Nf6 3. c4 e6 4. dxe6 Bxe6 5. Nf3 Nc6 6. d4 Bb4+ 7. Nc3 Ne4 8. Bf4 Nxc3 9. bxc3 Bxc3+ 10. Bd2 Bxa1
11. Qxa1 Qe7 12. Kd1 Bg4 13. d5 Ne5 14. Be2 Bxf3 15. Bxf3 O-O 16. Re1 f6 17. Be2 Qc5 18. Be3 Qb4 19. Qc1 b5 20. Bd2 Qc5
21. Be3 Qd6 22. cxb5 Qxd5+ 23. Qd2 Qxg2 24. Kc1 Kh8 25. Kb2 c6 26. bxc6 Qxc6 27. Rc1 Qb7+ 28. Ka1 Rab8 29. Rd1 Nf3 30. Bxf3 Qxf3
31. Bxa7 Rb5 32. Qd3 Qxd3 33. Rxd3 Kg8 34. Be3 Rfb8 35. Rd1 Rb4 36. f4 Rc4 37. Rc1 Rxc1+ 38. Bxc1 Rb5 39. Be3 Rh5 40. Bg1 Rh4
41. f5 Kf7 42. Kb2 Rg4 43. Bc5 Rf4 44. Bd6 Rxf5 45. a4 Ke6 46. Bg3 Kd5 47. Kb3 Rf3+ 48. Kb4 f5 49. Bc7 f4 50. a5 Rf1
51. Kb5 Rb1+ 52. Ka6 f3 53. Bg3 Rb2 54. h3 f2 55. Bxf2 Rxf2 56. Kb6 Rh2 57. a6 Rxh3 58. a7 Ra3 59. Kb7 g5
0-1

[Event "mature chess players"]
[Site "SchemingMind.com"]
[Date "2006.12.03"]
[Round "-"]
[White "Aumonde"]
[Black "Miael_"]
[Result "1-0"]
[WhiteCountry "USA"]
[BlackCountry "ARG"]
[WhiteElo "2212"]
[WhiteRD "60"]
[BlackElo "1647"]
[BlackRD "71"]
[GameID "79788"]

1. d4 d5 2. c4 dxc4 3. Nf3 Nf6 4. Nc3 c6 5. g3 Bg4 6. Ne5 Be6 7. e4 Nbd7 8. Nxc4 Bxc4 9. Bxc4 b5 10. Be2 e6
11. e5 Nd5 12. Nxd5
1-0

[Event "mature chess players"]
[Site "SchemingMind.com"]
[Date "2006.12.03"]
[Round "-"]
[White "Aumonde"]
[Black "ekulrac"]
[Result "1-0"]
[WhiteCountry "USA"]
[BlackCountry "SCO"]
[WhiteElo "2212"]
[WhiteRD "60"]
[BlackElo "1702"]
[BlackRD "59"]
[GameID "79789"]

1. c4 Nf6 2. g3 g6 3. Nc3 Bg7 4. Bg2 O-O 5. d4 e5 6. dxe5 Ng4 7. f4 d6 8. Nf3 h5 9. h3 Nh6 10. e4 dxe5
11. Qxd8 Rxd8 12. Nd5 Na6 13. fxe5 c6 14. Ne7+ Kf8 15. Nxc8 Raxc8 16. Bg5 Re8 17. Be3 c5 18. O-O Nb4 19. Rad1 Ng8 20. Ng5 Re7
21. Bxc5
1-0

[Event "mature chess players"]
[Site "SchemingMind.com"]
[Date "2006.12.03"]
[Round "-"]
[White "rabbit"]
[Black "Aumonde"]
[Result "0-1"]
[WhiteCountry "USA"]
[BlackCountry "USA"]
[WhiteElo "1943"]
[WhiteRD "74"]
[BlackElo "2244"]
[BlackRD "56"]
[GameID "79790"]

1. e4 e5 2. Nf3 Nc6 3. d4 exd4 4. Bc4 Nf6 5. O-O Nxe4 6. Re1 Be7 7. Rxe4 d5 8. Rxe7+ Nxe7 9. Bd3 c5 10. c3 c4
11. Bf1 d3 12. Nd4 O-O 13. Bg5 f6 14. Bf4 Nf5 15. Qf3 Nxd4 16. cxd4 Qb6 17. Qxd5+ Be6 18. Qd6 Qxd6 19. Bxd6 Rfd8 20. Bb4 Rxd4
21. Nd2 a5 22. Bc5 Rd5 23. Be3 b5 24. g3 Rc8 25. Re1 b4 26. Bg2 Rd7 27. Bb6 c3 28. bxc3 bxc3 29. Bxa5 cxd2 30. Bxd2 Rc2
31. Rxe6 Rxd2 32. Bh3 Rd1+ 33. Kg2 Rd4 34. Re8+ Kf7 35. Ra8 d2
0-1

[Event "mature chess players"]
[Site "SchemingMind.com"]
[Date "2006.12.03"]
[Round "-"]
[White "Gambiteer"]
[Black "Aumonde"]
[Result "0-1"]
[WhiteCountry "ENG"]
[BlackCountry "USA"]
[WhiteElo "2148"]
[WhiteRD "65"]
[BlackElo "2254"]
[BlackRD "57"]
[GameID "79791"]

1. d4 d5 2. Nf3 c6 3. e3 Bg4 4. h3 Bxf3 5. Qxf3 Nd7 6. Nd2 Ngf6 7. e4 e5 8. exd5 Nxd5 9. Bc4 exd4 10. Bxd5 cxd5
11. O-O Be7 12. Nb3 Ne5 13. Qg3 Ng6 14. Nxd4 O-O 15. Be3 Re8 16. c3 Bf6 17. Rfd1 Rc8 18. Nf5 Qd7 19. Qg4 Qc6 20. Nd4 Qa4
21. Rd2 Rcd8 22. Nf5 Qc6 23. Rad1 Ne5 24. Qg3 Nc4 25. Re2 g6 26. Nh6+ Kf8 27. Ng4 Bg7 28. Qf3 h5 29. Nh6 Bf6 30. Bc1 Rxe2
31. Qxe2 Kg7 32. g4 Re8 33. Qf3 Ne5 34. Qg2 Qa4 35. Rf1 hxg4 36. Nxg4 Nxg4 37. hxg4 Qxa2 38. g5 Be5 39. Rd1 Bc7 40. Qf3 Re4
41. Qd3 Bb6 42. Kg2 Qa4 43. f4 Qc4 44. Kg3 Qc5 45. Qd2 Kg8 46. Kf3 a5 47. Kg3 d4 48. cxd4 Qd5 49. Qg2 Bc7 50. Kh2 Qf5
51. Kh1 Bxf4 52. Rf1 Rxd4 53. Qf3 Bc7 54. Qxf5 gxf5 55. Kg2 Rc4 56. Re1 Kg7 57. Kf3 a4 58. Bd2 b5 59. Bc3+ Kg6 60. Re8 Rf4+
61. Ke3 Re4+ 62. Rxe4 fxe4 63. Kxe4 Kxg5 64. Bd2+ Kg4 65. Kd5 Bf4 66. Bc3 Kf5
0-1

[Event "mature chess players"]
[Site "SchemingMind.com"]
[Date "2006.12.04"]
[Round "-"]
[White "Miael_"]
[Black "Aumonde"]
[Result "0-1"]
[WhiteCountry "ARG"]
[BlackCountry "USA"]
[WhiteElo "1647"]
[WhiteRD "71"]
[BlackElo "2212"]
[BlackRD "60"]
[GameID "79792"]

1. e4 c6 2. d4 d5 3. exd5 cxd5 4. c4 Nf6 5. Nc3 g6 6. cxd5 Nxd5 7. Nf3 Bg7 8. Bc4 Nb6 9. Bb5+ Bd7 10. Bxd7+ Qxd7
11. O-O O-O
0-1

[Event "mature chess players"]
[Site "SchemingMind.com"]
[Date "2006.12.03"]
[Round "-"]
[White "ekulrac"]
[Black "Aumonde"]
[Result "0-1"]
[WhiteCountry "SCO"]
[BlackCountry "USA"]
[WhiteElo "1702"]
[WhiteRD "59"]
[BlackElo "2212"]
[BlackRD "60"]
[GameID "79793"]

1. e4 Nc6 2. Nf3 e5 3. Bb5 a6 4. Bxc6 dxc6 5. O-O f6 6. d3 Bg4 7. Be3 Qd7 8. Nbd2 O-O-O 9. Qb1 Ne7 10. a4 Kb8
11. b4 Ng6 12. b5 cxb5 13. axb5 Qxb5 14. Qa2 Qc6 15. Rfb1 Kc8 16. Ne1 Nf4 17. Bxf4 exf4 18. f3 Be6 19. Qa5 Bc5+ 20. Kh1 Bd4
21. Ra4 Bc3 22. Nb3 Bxa5 23. Rxa5 Qb6 24. Ra2 Qf2 25. h3 Bxb3 26. Rxb3 Qxe1+
0-1

[Event "mature chess players"]
[Site "SchemingMind.com"]
[Date "2006.12.02"]
[Round "-"]
[White "mebalse"]
[Black "rabbit"]
[Result "1/2-1/2"]
[WhiteCountry "URU"]
[BlackCountry "USA"]
[WhiteElo "1904"]
[WhiteRD "82"]
[BlackElo "1943"]
[BlackRD "74"]
[GameID "79816"]

1. e4 e5 2. Bc4 Nf6 3. d3 Nc6 4. f4 d5 5. exd5 Nxd5 6. Qf3 Nd4 7. Qf2 Nxf4 8. Bxf4 exf4 9. Qxf4 Qf6 10. Qxf6 gxf6
11. Kd2 Bh6+ 12. Kc3 Be3 13. Nf3 Ne2+ 14. Kb3 Nf4 15. g3 Ng2 16. Nc3 Bb6 17. Nd5 c6 18. Nxf6+ Ke7 19. Ne4 f6 20. a4 Bg4
21. Ned2 Rad8 22. h3 Bf5 23. Rh2 Ne3 24. g4 Bg6 25. Re1 Kf8 26. Rhe2 Nxc4 27. Nxc4 Bf7 28. Kc3 Bc7 29. Re7 Bg3 30. R1e3 b5
31. axb5 cxb5 32. Rxa7 bxc4 33. Ree7 Bd5 34. dxc4 Bxf3 35. Rf7+=
1/2-1/2

[Event "mature chess players"]
[Site "SchemingMind.com"]
[Date "2006.12.02"]
[Round "-"]
[White "mebalse"]
[Black "Gambiteer"]
[Result "1-0"]
[WhiteCountry "URU"]
[BlackCountry "ENG"]
[WhiteElo "1904"]
[WhiteRD "82"]
[BlackElo "2139"]
[BlackRD "62"]
[GameID "79817"]

1. d4 Nf6 2. c4 d6 3. Nc3 Bf5 4. f3 e5 5. dxe5 dxe5 6. Qxd8+ Kxd8 7. Bg5 c6 8. e4 Be6 9. Bxf6+ gxf6 10. O-O-O+ Kc7
11. Bd3 Na6 12. b3 Ba3+ 13. Kb1 Rag8 14. g3 Nb4 15. Nge2 Nxd3 16. Rxd3 f5 17. Rhd1 h5 18. exf5 Bxf5 19. Ne4 Rd8 20. N2c3 Rxd3
21. Rxd3 b6 22. Kc2 Be7 23. Kb2 Bg6 24. Rd1 Rd8 25. Rxd8 Kxd8 26. h3 Kc7 27. a3 f5 28. Nd2 h4 29. g4 Bg5 30. Kc1 e4
31. Kd1 e3 32. Nf1 f4 33. Ne4 Be7 34. a4 Bxe4 35. fxe4 Kd6 36. Ke2 Kc5 37. Kd3 Kb4 38. Nh2 Kxb3 39. Nf3 a5 40. g5 Kb4
41. g6 Bf8 42. e5 Kc5 43. Nd4
1-0

[Event "mature chess players"]
[Site "SchemingMind.com"]
[Date "2006.12.03"]
[Round "-"]
[White "mebalse"]
[Black "Aumonde"]
[Result "0-1"]
[WhiteCountry "URU"]
[BlackCountry "USA"]
[WhiteElo "1888"]
[WhiteRD "81"]
[BlackElo "2212"]
[BlackRD "60"]
[GameID "79818"]

1. Nf3 Nf6 2. d4 d5 3. Bf4 e6 4. e3 Bd6 5. Bg3 O-O 6. c4 c5 7. Nc3 Nc6 8. cxd5 exd5 9. Bxd6 Qxd6 10. dxc5 Qxc5
11. Nd4 Bg4 12. f3 Rfe8 13. Nxc6 Qxe3+ 14. Be2 bxc6 15. fxg4 d4 16. Qd2 Qxd2+ 17. Kxd2 dxc3+ 18. bxc3 Rad8+ 19. Ke1 Nxg4 20. a3 Ne3
21. Kf2 Rd2
0-1

[Event "mature chess players"]
[Site "SchemingMind.com"]
[Date "2006.12.03"]
[Round "-"]
[White "mebalse"]
[Black "Miael_"]
[Result "1-0"]
[WhiteCountry "URU"]
[BlackCountry "ARG"]
[WhiteElo "1888"]
[WhiteRD "81"]
[BlackElo "1647"]
[BlackRD "71"]
[GameID "79819"]

1. e4 e5 2. Nf3 Nc6 3. Bc4 Nf6 4. d3 d6 5. Be3 Bg4 6. O-O Be7 7. h3 Bh5 8. g4 Bg6 9. Nc3 Qc8 10. Nh2 h5
11. Bg5 hxg4 12. Bxf6 Bxf6 13. Qxg4 Qxg4+ 14. hxg4
1-0

[Event "mature chess players"]
[Site "SchemingMind.com"]
[Date "2006.12.03"]
[Round "-"]
[White "mebalse"]
[Black "ekulrac"]
[Result "1-0"]
[WhiteCountry "URU"]
[BlackCountry "SCO"]
[WhiteElo "1888"]
[WhiteRD "81"]
[BlackElo "1702"]
[BlackRD "59"]
[GameID "79820"]

1. d4 d5 2. Bf4 Nd7 3. e3 g6 4. c4 e6 5. Qb3 Nb6 6. c5 Nd7 7. Qc3 c6 8. b4 Bg7 9. Nf3 Ne7 10. b5 O-O
11. Bd6 Re8 12. g4 b6 13. a4 Nxc5 14. Bxc5 bxc5 15. Qxc5 Qa5+ 16. Qc3 Qxc3+ 17. Nxc3 c5 18. Ra3 cxd4 19. exd4 Bb7 20. Kd2 Nc8
21. a5 Nd6 22. a6 Bc8 23. Bd3 Bd7 24. Ne5 Bxe5 25. dxe5 Nc4+ 26. Bxc4 dxc4 27. g5 Rec8 28. Rb1 Rc5 29. b6 Bc6 30. b7 Rb8
31. Ke3 Rxe5+ 32. Kd4 Rxg5 33. Kxc4 Rf5 34. Rb2 Kf8 35. Nb5 Bxb5+ 36. Rxb5 Rxb5 37. Kxb5 Ke7 38. Kc6 Rd8 39. Kc7
1-0

[Event "mature chess players"]
[Site "SchemingMind.com"]
[Date "2006.12.03"]
[Round "-"]
[White "rabbit"]
[Black "mebalse"]
[Result "1-0"]
[WhiteCountry "USA"]
[BlackCountry "URU"]
[WhiteElo "2071"]
[WhiteRD "89"]
[BlackElo "1888"]
[BlackRD "81"]
[GameID "79821"]

1. e4 c5 2. c3 e6 3. d4 d5 4. exd5 exd5 5. Nf3 c4 6. Bf4 Nc6 7. b3 b5 8. a4 bxa4 9. bxc4 dxc4 10. Bxc4 Bd6
11. Bxd6 Qxd6 12. d5 Ne5 13. O-O Nxf3+ 14. Qxf3 f5 15. Rxa4 Nf6 16. Re1+ Kf7 17. Nd2 Bb7 18. Qxf5 Rhe8 19. Ne4
1-0

[Event "mature chess players"]
[Site "SchemingMind.com"]
[Date "2006.12.03"]
[Round "-"]
[White "Gambiteer"]
[Black "mebalse"]
[Result "1-0"]
[WhiteCountry "ENG"]
[BlackCountry "URU"]
[WhiteElo "2116"]
[WhiteRD "67"]
[BlackElo "1888"]
[BlackRD "81"]
[GameID "79822"]

1. d4 e6 2. c4 c5 3. d5 exd5 4. cxd5 d6 5. Nc3 a6 6. e4 b5 7. a3 Nd7 8. Nf3 f6 9. Be2 Ne5 10. O-O g6
11. Be3 Bh6 12. Bxh6 Nxh6 13. Ne1 f5 14. Nd3 Nxd3 15. Qxd3 fxe4 16. Qxe4+ Qe7 17. Qxe7+ Kxe7 18. Rfe1 Kd7 19. a4 b4 20. Ne4 Kc7
21. Bc4 Ng4 22. f4 Rf8 23. h3 Rxf4 24. hxg4 Bxg4 25. g3 Rf7 26. Nxc5 Kb6 27. Ne4 Rd8 28. a5+ Kb7 29. Ra4
1-0

[Event "mature chess players"]
[Site "SchemingMind.com"]
[Date "2006.12.03"]
[Round "-"]
[White "Aumonde"]
[Black "mebalse"]
[Result "1-0"]
[WhiteCountry "USA"]
[BlackCountry "URU"]
[WhiteElo "2212"]
[WhiteRD "60"]
[BlackElo "1888"]
[BlackRD "81"]
[GameID "79823"]

1. f4 d5 2. Nf3 c5 3. e3 Nc6 4. Bb5 Bd7 5. Bxc6 Bxc6 6. d3 f6 7. O-O Qc7 8. b4 e5 9. fxe5 fxe5 10. Bb2 e4
11. Ng5 Nh6 12. Ne6 Qc8 13. Qh5+ g6 14. Qe5 Rg8 15. Nxf8+ Kd8 16. Qd6+
1-0

[Event "mature chess players"]
[Site "SchemingMind.com"]
[Date "2006.12.04"]
[Round "-"]
[White "Miael_"]
[Black "mebalse"]
[Result "0-1"]
[WhiteCountry "ARG"]
[BlackCountry "URU"]
[WhiteElo "1647"]
[WhiteRD "71"]
[BlackElo "1888"]
[BlackRD "81"]
[GameID "79824"]

1. e4 e5 2. f4 exf4 3. Nf3 g5 4. h4 g4 5. Ne5 h5 6. Bc4 Rh7 7. d4 Bh6 8. Nd2 Nc6 9. Nxc6 dxc6 10. c3 Ne7
0-1

[Event "mature chess players"]
[Site "SchemingMind.com"]
[Date "2006.12.03"]
[Round "-"]
[White "ekulrac"]
[Black "mebalse"]
[Result "0-1"]
[WhiteCountry "SCO"]
[BlackCountry "URU"]
[WhiteElo "1702"]
[WhiteRD "59"]
[BlackElo "1888"]
[BlackRD "81"]
[GameID "79825"]

1. e4 e6 2. d4 d5 3. Nd2 c5 4. Ngf3 Nc6 5. c3 dxe4 6. Nxe4 cxd4 7. Nxd4 Nxd4 8. cxd4 Ne7 9. Qa4+ Nc6 10. Be3 Bb4+
11. Nc3 O-O 12. Bd3 Bd7 13. Qc2 h6 14. O-O Ne7 15. f4 Rc8 16. Rf3 Qa5 17. Bd2 Nd5 18. Be4 Bxc3 19. bxc3 Ba4 20. Qb2 Qa6
21. Rg3 f5 22. Bxd5 exd5 23. Re1 Rce8 24. Re5 Rxe5 25. fxe5 f4 26. Rf3 g5 27. Bc1 Qc6 28. Qb4 Bc2 29. Qe7 Be4 30. Rh3 Qa4
31. Qe6+ Rf7 32. Qg4 Qc2 33. Ba3 Qb1+ 34. Kf2 Qxa2+
0-1

[Event "mature chess players"]
[Site "SchemingMind.com"]
[Date "2006.12.04"]
[Round "-"]
[White "agrillage"]
[Black "rabbit"]
[Result "0-1"]
[WhiteCountry "MLT"]
[BlackCountry "USA"]
[WhiteElo "2069"]
[WhiteRD "75"]
[BlackElo "2071"]
[BlackRD "89"]
[GameID "80093"]

1. c4 c6 2. e4 d5 3. cxd5 cxd5 4. exd5 Nf6 5. Qa4+ Nbd7 6. Nc3 g6 7. Nf3 Bg7 8. Bc4 O-O 9. d3 Nb6 10. Qb3 Bg4
11. Ng5 Qc7 12. Be3 Nxc4 13. Qxc4 Qxc4 14. dxc4 Rac8 15. Bxa7 Rxc4 16. h3 Bf5 17. O-O Nd7 18. Nd1 b6 19. Nc3 Ra8 20. Nb5 Bd3
21. Rfe1 Ra4 22. Bxb6 Nxb6 23. Nc3 Bxc3 24. bxc3 Nxd5
0-1

[Event "mature chess players"]
[Site "SchemingMind.com"]
[Date "2006.12.04"]
[Round "-"]
[White "agrillage"]
[Black "Gambiteer"]
[Result "0-1"]
[WhiteCountry "MLT"]
[BlackCountry "ENG"]
[WhiteElo "2010"]
[WhiteRD "70"]
[BlackElo "2139"]
[BlackRD "62"]
[GameID "80094"]

1. c4 g6 2. g3 e5 3. Bg2 Bg7 4. Nc3 d6 5. e4 Nc6 6. Nge2 Nge7 7. d3 O-O 8. O-O Bg4 9. f3 Be6 10. Nd5 Nd4
11. Nxd4 exd4 12. Bg5 f6 13. Bd2 c6 14. Nf4 Bf7 15. Bh3 f5 16. Qe2 Qb6 17. Kh1 Rae8 18. Rab1 Qa6 19. b4 b5 20. cxb5 Qxb5
21. a4 Qe5 22. Bg2 h6 23. b5 c5 24. Nh3 Nd5 25. f4 Qe7 26. Nf2 Nc3 27. Bxc3 dxc3 28. Qc2 Qe6 29. e5 dxe5 30. Qxc3 exf4
31. Qxc5 Qe3 32. Qc1 fxg3 33. Qxe3 Rxe3 34. hxg3 Rxg3 35. a5 Re3 36. b6 axb6 37. a6 Re2 38. a7 Ra2 39. a8=Q Rfxa8 40. Bxa8 Rxa8
41. Rxb6 Bd5+ 42. Kh2 g5 43. Rb5 Rd8 44. Nd1 Be5+ 45. Kg1 f4 46. Nf2 Kf7 47. Ng4 Bd4+ 48. Kh2 h5 49. Nf2 Kg6 50. Ne4 h4
51. Ra5 Be3 52. Rb1 f3 53. Ra6+ Kf5 54. Rf6+ Kg4 55. Rb4 Bf4+ 56. Kg1 Bxe4 57. dxe4 Be3+ 58. Kh2 Rd2+ 59. Kh1 Rd1+ 60. Kh2 Bg1+
0-1